000 00471nam a2200181Ia 4500
001 824
005 20260306140546.0
008 260306t1998||||xx |||||||||||||| ||spa||
041 _aESP
082 _a170
_bL54
100 _aLewis, Hunter
_eAUT
245 0 _aLa cuestion de valores humanos.:
_blas seis formas de pensar que condicionan nuestra vida
260 _c1998
300 _a286 páginas :
_c22 cm.
650 _aGEN
654 _aCHU
942 _cLIB
_dJUS
_fJUS
_2ddc
_n
999 _c824
_d824